Beliebteste Energydrink Marken in Deutschland - Statistiken

Allgemein
  • Dieses Quiz wurde 990 mal gespielt
  • Das Durchschnittsergebnis liegt bei 4 aus 10
Antwortstatistiken
Energydrinks % Korrekt
1. Red Bull
99%
2. Monster
98%
3. Rockstar Energy Drink
60%
4. effect
46%
5. Booster
42%
6. 28 BLACK
20%
8. Relentless ENERGY DRINK
5%
9. Bang
3%
10. Maximal G
2%
7. POWER HORSE
2%
Keine übereinstimmenden Quizze gefunden
Verteilung der Resultate
Anzahl Personen mit jedem Resultat
Perzentil nach korrekt beantworteten Fragen
Ihre Resultats-Entwicklung
Sie haben dieses Quiz noch nicht gespielt